| 000 | 00967cam a2200301 a 4500 | ||
|---|---|---|---|
| 001 | 17200 | ||
| 003 | BD-RjUL | ||
| 005 | 20211209000114.0 | ||
| 008 | 140216s1984 ii b 001 0 eng | ||
| 035 | _a(BD-RjUL)17257 | ||
| 040 |
_aDLC _cDLC _dOCoLC _dDLC _beng |
||
| 041 | _aeng | ||
| 082 | 0 | 0 |
_a307.36 _219 _bRAC 1984 |
| 100 | 2 |
_aRanga Rao, K. _q(Kondapalli), _d1933- _953044 |
|
| 245 | 1 | 0 |
_aCities and slums : _ba study of a squatters' settlement in the city of Vijayawada / _cK. Ranga Rao, M.S.A. Rao. |
| 260 |
_aNew Delhi : _bConcept, _c1984. |
||
| 300 |
_a117 p. : _bmaps ; _c22 cm. |
||
| 500 | _aSpine title: Cities & slums. | ||
| 500 | _aIncludes index. | ||
| 504 | _aBibliography: p. [109]-112. | ||
| 650 | 0 |
_aSlums _zIndia _zVijayawāda. _953045 |
|
| 651 | 0 |
_aVijayawāda (India) _xSocial conditions. _953046 |
|
| 700 | 1 |
_aRao, M. S. A. _953047 |
|
| 740 | 0 | _aCities & slums. | |
| 942 |
_2ddc _cBK |
||
| 999 |
_c17200 _d17200 |
||